Alle US-Bundestaaten nach Buchstaben die gerade sind. - Statistiken

Allgemein
  • Dieses Quiz wurde 125 mal gespielt
  • Das Durchschnittsergebnis liegt bei 16 aus 32
Antworten auf der Karte
Die Antworten werden auf der Karte rot bzw. grün angezeigt, abhängig davon wie oft sie richtig erraten wurden.
 
Antwortstatistiken
Grader Anfangsbuchstabe Antwort % Korrekt
A Alaska
82%
K Kalifornien
71%
A Alabama
70%
A Arizona
65%
A Arkansas
62%
I Illinois
61%
G Georgia
56%
K Kentucky
55%
O Ohio
55%
W Washington
55%
I Indiana
52%
O Oregon
52%
I Iowa
51%
M Maine
51%
I Idaho
50%
K Kansas
49%
C Colorado
48%
S South Dakota
45%
U Utah
44%
S South Carolina
43%
C Connecticut
41%
M Mississippi
41%
M Montana
41%
M Michigan
39%
W Wyoming
39%
M Maryland
38%
M Minnesota
37%
W Wisconsin
35%
O Oklahoma
34%
M Massachusetts
33%
M Missouri
30%
W West Virginia
30%
Keine übereinstimmenden Quizze gefunden
Verteilung der Resultate
Anzahl Personen mit jedem Resultat
Perzentil nach korrekt beantworteten Fragen
Ihre Resultats-Entwicklung
Sie haben dieses Quiz noch nicht gespielt